| 000 | 01329nam a22002777a 4500 | ||
|---|---|---|---|
| 005 | 20170410144606.0 | ||
| 008 | 140714b xxu||||| |||| 00| 0 Urdu d | ||
| 010 | _aUR-116 B-547993-996 B-665893 | ||
| 020 |
_a9789350731260 _c400.00 |
||
| 035 | _aU-116 B-547993-996 B-665893 | ||
| 037 | _bBPPD/Pub/Ven | ||
| 037 | _bPansy Books(Vend./Edu.pub.House(Pub.) | ||
| 040 |
_aDPL _bUrdu |
||
| 082 | _aن | ||
| 100 | _aمشر ف عا لم ذ و قی | ||
| 245 |
_aلے سنا س بھی آہستہ :نا و ل _cمشر ف عا لم ذ و قی |
||
| 246 |
_aLe Saans Bhi Aahista _bby Musharaf Aalam Zauqui |
||
| 260 |
_aد ھلی _bا يجو کيشنل پبليشنگ ہا ؤس _c2013 |
||
| 260 | _bPansy Books(Vender) | ||
| 270 |
_a3108،و کيل اسٹر يٹ ،کو چہ پنڈ ت ،لال کنو ا ن _bد ھلی _e110006 _k23216162،23214465 |
||
| 270 |
_aR2,/66/A Somesh Vihar,Chhawala _bNew Delhi _e110071 _k01125317355 |
||
| 300 |
_a480ص _c22Cm (Hb) |
||
| 942 |
_2ddc _cUR _e _hن _mم ش ر |
||
| 999 |
_c87349 _d87349 |
||